[Event "Championnat de France Benjamin"]
[Site "CALVI"]
[Date "2005.04.22"]
[Round "7.1"]
[White "Saatdjian, Thomas"]
[Black "Ludwig, Remi"]
[Result "1/2-1/2"]
[WhiteElo "2069"]
[BlackElo "2046"]
[PlyCount "40"]
[EventDate "2005.??.??"]
[SourceDate "2005.04.17"]

1. d4 Nf6 2. Nf3 e6 3. c4 d5 4. g3 c5 5. cxd5 exd5 6. Bg2 Nc6 7. Nc3 Be7 8. O-O
O-O 9. Bg5 c4 10. Ne5 Be6 11. e4 Nxe4 12. Nxc6 bxc6 13. Bxe7 Nxc3 14. bxc3 Qxe7
15. Qa4 Qd6 16. Rab1 Qc7 17. Rb4 a5 18. Rb2 Bf5 19. Re1 Bd3 20. Bf1 Rfe8 {#} (
20... Rfe8 21. Rxe8+ Rxe8 22. Bxd3 cxd3 23. Qd1 $11) 1/2-1/2

[Event "Championnat de France Benjamin"]
[Site "CALVI"]
[Date "2005.04.22"]
[Round "7.2"]
[White "Delivre, Raphael"]
[Black "Benassayag, Lucas"]
[Result "1-0"]
[WhiteElo "2034"]
[BlackElo "2001"]
[PlyCount "97"]
[EventDate "2005.??.??"]
[SourceDate "2005.04.17"]

1. e4 c5 2. Nf3 e6 3. d4 cxd4 4. Nxd4 a6 5. Nc3 b5 6. Bd3 Bc5 7. Nb3 Be7 8. O-O
d6 9. f4 Qc7 10. Kh1 Bb7 11. Qe1 Nf6 12. a3 O-O 13. Qg3 Nbd7 14. Nd4 Nc5 15.
Re1 Nfd7 16. f5 e5 17. Nf3 Nxd3 18. cxd3 Nc5 19. Ng5 Nb3 20. Rb1 Nxc1 21. Rbxc1
Qb6 22. Nh3 a5 23. Nf2 b4 24. Na4 Qb5 25. Ng4 Kh8 26. f6 Bxf6 27. Nxf6 gxf6 28.
Qf2 Rg8 29. Nb6 Ra6 30. Qxf6+ Rg7 31. Re3 Qe8 32. Rg3 Qf8 33. Nd7 Qg8 34. Rc7
Rc6 35. Rxc6 Bxc6 36. Nb6 bxa3 37. bxa3 Qf8 38. Nc4 Kg8 39. Nxd6 Rxg3 40. hxg3
Qg7 41. Qxg7+ Kxg7 42. Nc4 a4 43. Nxe5 Bb7 44. Kg1 Kf6 45. Nc4 Ke6 46. Kf2 Bc6
47. d4 Bd7 48. Ke3 Kf6 49. Kf4 1-0

[Event "Championnat de France Benjamin"]
[Site "CALVI"]
[Date "2005.04.22"]
[Round "7.3"]
[White "Demuth, Adrien"]
[Black "Le Ruyet, Leopold"]
[Result "1-0"]
[WhiteElo "2018"]
[BlackElo "1890"]
[PlyCount "59"]
[EventDate "2005.??.??"]
[SourceDate "2005.04.17"]

1. d4 Nf6 2. Nf3 g6 3. c4 c5 4. d5 e6 5. Nc3 exd5 6. cxd5 d6 7. Nd2 Bg7 8. Nc4
O-O 9. Bf4 Ne8 10. Qd2 Bxc3 11. bxc3 b5 12. Nb2 Nc7 13. g3 Bb7 14. Bg2 c4 15.
O-O Nba6 16. e4 Nc5 17. Qd4 f6 18. Rfe1 a5 19. Bh6 Re8 20. f4 Qe7 21. Rad1 a4
22. a3 N7a6 23. Qf2 Qc7 24. e5 $1 {#} 24... fxe5 25. fxe5 Rxe5 26. Rxe5 dxe5
27. Rf1 Qe7 28. d6 Qe8 29. d7 Qe7 30. Qf8+ 1-0

[Event "Championnat de France Benjamin"]
[Site "CALVI"]
[Date "2005.04.22"]
[Round "7.4"]
[White "Magnin, Guillaume"]
[Black "Nouri, Adrien"]
[Result "1-0"]
[WhiteElo "1990"]
[BlackElo "1730"]
[PlyCount "61"]
[EventDate "2005.??.??"]
[SourceDate "2005.04.17"]

1. e4 e5 2. Nc3 Nc6 3. Bc4 Bc5 4. Qg4 Qf6 5. Nd5 Qxf2+ 6. Kd1 Kf8 7. Nh3 {#}
7... Qd4 8. d3 Bb6 9. c3 Qc5 10. Rf1 Nd8 11. Bg5 Ne6 12. Qf5 Nxg5 13. Nxg5 Nh6
14. Qxe5 Qd6 15. Qxd6+ cxd6 16. Nxb6 axb6 17. Nxf7 Nxf7 18. Rxf7+ Ke8 19. Rxg7
Rf8 20. Ke2 Ra5 21. Bd5 b5 22. Rxh7 b6 23. a3 Kd8 24. Rf1 Re8 25. g4 Ra7 26. g5
Bb7 27. Bf7 Rf8 28. g6 Ke7 29. Bc4+ Ke8 30. Rxf8+ Kxf8 31. g7+ 1-0

[Event "Championnat de France Benjamin"]
[Site "CALVI"]
[Date "2005.04.22"]
[Round "7.5"]
[White "Martin, Cedric"]
[Black "Milandre, Olivier"]
[Result "1/2-1/2"]
[WhiteElo "1958"]
[BlackElo "1988"]
[PlyCount "62"]
[EventDate "2005.??.??"]
[SourceDate "2005.04.17"]

1. e4 e6 2. d4 d5 3. Nd2 dxe4 4. Nxe4 Nd7 5. g3 Ngf6 6. Nxf6+ Nxf6 7. Bg2 e5 8.
Ne2 exd4 9. Qxd4 Qxd4 10. Nxd4 Bb4+ 11. c3 Ba5 12. Bf4 O-O 13. O-O Nh5 14. Be3
Bb6 15. Rfe1 Nf6 16. b4 c6 17. a4 Nd5 18. Bd2 Nxb4 19. cxb4 Bxd4 20. Rac1 Be6
21. b5 cxb5 22. axb5 Rfd8 23. Ba5 Rd7 24. Red1 Rb8 25. Bc7 Rc8 26. Bxb7 Rcxc7
27. Rxc7 Rxc7 28. Rxd4 g6 29. Bc6 Kg7 30. Ra4 Bd7 31. Ra6 Kf8 1/2-1/2

[Event "Championnat de France Benjamin"]
[Site "CALVI"]
[Date "2005.04.22"]
[Round "7.6"]
[White "Conway, Anthony"]
[Black "Tachikart, Yassin"]
[Result "0-1"]
[WhiteElo "1699"]
[BlackElo "2041"]
[PlyCount "94"]
[EventDate "2005.??.??"]
[SourceDate "2005.04.17"]

1. Nf3 d5 2. g3 c6 3. Bg2 Bg4 4. d4 Nf6 5. O-O Nbd7 6. c4 dxc4 7. a4 Bxf3 8.
Bxf3 e5 9. d5 e4 10. dxc6 exf3 11. cxd7+ Qxd7 12. Qxd7+ Nxd7 13. exf3 Bb4 14.
Bd2 a5 15. Rc1 Nc5 16. Bxb4 Nb3 17. Re1+ Kd7 18. Rd1+ Kc6 19. Rd6+ Kc7 20. Nc3
Nxa1 21. Nd5+ Kb8 22. Bc5 Ra6 23. Bb6 Nc2 24. Nc3 Nb4 25. Ne4 Rc8 26. Kf1 Nc6
27. Be3 Rd8 28. Bf4 Kc8 29. Rxd8+ Nxd8 30. Nd6+ Kd7 31. Nxc4 Ne6 32. Bd2 b6 33.
Be3 Nc5 34. Ke2 Nxa4 35. b3 Nc5 36. Kd1 f6 37. Kc2 Kc6 38. Bd2 Nb7 39. g4 b5
40. Ne3 Nd6 41. Nd1 a4 42. bxa4 Rxa4 43. Nc3 Rc4 44. Kb3 Nb7 45. Ne4 Nc5+ 46.
Nxc5 Kxc5 47. Be3+ Kd5 0-1

[Event "Championnat de France Benjamin"]
[Site "CALVI"]
[Date "2005.04.22"]
[Round "7.7"]
[White "Castro, John"]
[Black "Nockels, Nicolas"]
[Result "0-1"]
[WhiteElo "2060"]
[BlackElo "1970"]
[PlyCount "40"]
[EventDate "2005.??.??"]
[SourceDate "2005.04.17"]

1. c4 f5 2. Nc3 Nf6 3. g3 e6 4. Bg2 Be7 5. d4 O-O 6. Bd2 d6 7. Nf3 Ne4 8. Qc2
Nxc3 9. Bxc3 Nd7 10. O-O-O Rb8 11. Nd2 b5 12. e4 b4 13. exf5 bxc3 14. Qxc3 exf5
15. h4 Nb6 16. c5 Nd7 17. Nc4 Nf6 18. Na5 Bd7 19. Rhe1 d5 20. c6 Bb4 0-1

[Event "Championnat de France Benjamin"]
[Site "CALVI"]
[Date "2005.04.22"]
[Round "7.8"]
[White "Nahed, Yann"]
[Black "Kharmoudi, Slimane"]
[Result "1-0"]
[WhiteElo "2031"]
[BlackElo "1929"]
[PlyCount "71"]
[EventDate "2005.??.??"]
[SourceDate "2005.04.17"]

1. e4 c5 2. Nf3 e6 3. d4 cxd4 4. Nxd4 Qb6 5. Nb3 Nc6 6. Be3 Qc7 7. Nc3 Nf6 8.
Bd3 a6 9. a4 b6 10. O-O d6 11. f4 Be7 12. h3 O-O 13. g4 Bb7 14. g5 Nd7 15. h4
Rfe8 16. Qg4 Bf8 17. Rf2 Re7 18. Qg3 Rae8 19. Raf1 Nc5 20. Nd2 g6 21. Bxc5 bxc5
22. f5 Ne5 23. Nc4 Nxd3 24. Qxd3 Rd7 25. Ne3 Qc6 26. Ng4 Bg7 27. fxe6 fxe6 28.
Nf6+ Bxf6 29. Rxf6 Qc7 30. Qf3 Qd8 31. h5 Rg7 32. hxg6 hxg6 33. Rxg6 Qe7 34.
Qh5 Rf8 35. Rxf8+ Qxf8 36. Rh6 1-0

[Event "Championnat de France Benjamin"]
[Site "CALVI"]
[Date "2005.04.22"]
[Round "7.9"]
[White "Blancho, Gwenael"]
[Black "Robert, Bastien"]
[Result "1/2-1/2"]
[WhiteElo "2030"]
[BlackElo "1780"]
[PlyCount "84"]
[EventDate "2005.??.??"]
[SourceDate "2005.04.17"]

1. e4 c5 2. Nf3 Nc6 3. d4 cxd4 4. Nxd4 g6 5. c4 Nf6 6. Nc3 Nxd4 7. Qxd4 d6 8.
f3 Bg7 9. Be3 O-O 10. Qd2 Be6 11. Rc1 Qa5 12. Bd3 Rfc8 13. b3 a6 14. O-O Bd7
15. Rfe1 b5 16. Bg5 b4 17. Bxf6 Bxf6 18. Nd5 Qc5+ 19. Kh1 a5 20. Nxf6+ exf6 21.
Be2 a4 22. Red1 axb3 23. axb3 Rc6 24. Qb2 Qe5 25. Qxe5 fxe5 26. c5 Be6 27. cxd6
Rxc1 28. Rxc1 Bxb3 29. d7 Be6 30. Rd1 Rd8 31. Bb5 Kf8 32. Kg1 Ke7 33. Rb1 Rb8
34. Ba4 Bxd7 35. Bb3 Be6 36. Bxe6 Kxe6 37. Kf2 f5 38. Ke3 b3 39. Kd3 b2 40. Kc3
fxe4 41. fxe4 Rb6 42. g4 g5 1/2-1/2

[Event "Championnat de France Benjamin"]
[Site "CALVI"]
[Date "2005.04.22"]
[Round "7.10"]
[White "Doebele, Victor"]
[Black "Lemarchand, Matthieu"]
[Result "1-0"]
[WhiteElo "2019"]
[BlackElo "1630"]
[PlyCount "45"]
[EventDate "2005.??.??"]
[SourceDate "2005.04.17"]

1. Nf3 Nf6 2. g3 d6 3. d4 g6 4. b3 Bg7 5. Bb2 O-O 6. Bg2 Nbd7 7. O-O Re8 8. c4
Nh5 9. e4 e5 10. dxe5 dxe5 11. Nc3 c6 12. Qc2 Nf8 13. c5 f5 14. exf5 gxf5 15.
Nh4 f4 16. Ne4 Bg4 17. f3 fxg3 18. fxg4 Qxh4 19. h3 Nf4 20. Nd6 Nxh3+ 21. Bxh3
Qxh3 22. Nxe8 Bh6 23. Qc4+ 1-0

[Event "Championnat de France Benjamine"]
[Site "CALVI"]
[Date "2005.04.22"]
[Round "7.1"]
[White "Forestier, Carole"]
[Black "Richard, Emma"]
[Result "1-0"]
[WhiteElo "1647"]
[BlackElo "1730"]
[PlyCount "81"]
[EventDate "2005.??.??"]
[SourceDate "2005.04.17"]

1. d4 Nf6 2. c4 e6 3. Nf3 Bb4+ 4. Bd2 Qe7 5. g3 Bxd2+ 6. Nbxd2 O-O 7. Bg2 d6 8.
e4 e5 9. d5 a5 10. O-O Na6 11. b3 Nc5 12. Qc2 Bd7 13. a3 b5 14. b4 axb4 15.
axb4 Na6 16. Qc3 Rfb8 17. c5 {#} 17... dxc5 18. bxc5 Nxc5 19. Qxe5 Qxe5 20.
Nxe5 Be8 21. Rfc1 Rxa1 22. Rxa1 Na4 23. Rc1 Rb7 24. Nd3 $1 Bd7 $4 (24... Nb6
$14) 25. e5 Ne8 26. e6 Bc8 27. d6 Nxd6 28. Bxb7 Bxb7 29. exf7+ Kxf7 30. Rxc7+
Kf6 31. Rd7 Nc4 32. Rxb7 Nxd2 33. Rxb5 Nc3 34. Rb6+ Ke7 35. Nf4 g5 36. Nh3 Ne2+
37. Kg2 g4 38. Nf4 Nxf4+ 39. gxf4 Kf7 40. Rh6 Kg7 41. Rh4 1-0

[Event "Championnat de France Benjamine"]
[Site "CALVI"]
[Date "2005.04.22"]
[Round "7.2"]
[White "Peyre, Camille"]
[Black "Armas, Lara-Maria"]
[Result "0-1"]
[WhiteElo "1730"]
[BlackElo "1730"]
[PlyCount "82"]
[EventDate "2005.??.??"]
[SourceDate "2005.04.17"]

1. d4 e6 2. Nf3 c5 3. e4 cxd4 4. Nxd4 Nf6 5. Bd3 Bc5 6. Nb3 Be7 7. Nc3 Nc6 8.
Bf4 e5 9. Bg5 Nxe4 10. Bxe7 Nxc3 11. Bxd8 Nxd1 12. Rxd1 Kxd8 13. Bf5 Kc7 14. c3
d6 15. Be4 Be6 16. Bc2 f5 17. O-O g6 18. Rfe1 Rhe8 19. Nd2 d5 20. Nf3 Bg8 21.
Ba4 e4 22. Nd4 a6 23. Nxc6 bxc6 24. Bb3 Rad8 25. Rd2 f4 26. Rde2 Be6 27. h3 h5
28. h4 Bf5 29. Bc2 Re7 30. Kh2 Rde8 31. f3 Re5 32. c4 e3 33. Bxf5 Rxf5 34. cxd5
cxd5 35. g3 d4 36. gxf4 Rxf4 37. Kg3 Ref8 38. Rf1 Kd6 39. a3 Kd5 40. Rc2 d3 41.
Rc3 Kd4 0-1

[Event "Championnat de France Benjamine"]
[Site "CALVI"]
[Date "2005.04.22"]
[Round "7.3"]
[White "Genzling, Sylvie"]
[Black "Nguyen, Angeline"]
[Result "1-0"]
[WhiteElo "1982"]
[BlackElo "1710"]
[PlyCount "63"]
[EventDate "2005.??.??"]
[SourceDate "2005.04.17"]

1. e4 e5 2. Nf3 Nc6 3. d4 exd4 4. Nxd4 Bc5 5. Be3 Qf6 6. Nb5 Bxe3 7. fxe3 Qd8
8. Qg4 g6 9. Qf4 d6 10. Bc4 Ne5 11. O-O Qe7 12. N1c3 c6 13. Bxf7+ Kd8 14. Nxd6
Nf6 15. Qxf6 Qxf6 16. Rxf6 Nxf7 17. Rxf7 b6 18. Raf1 Be6 19. R7f6 Ke7 20. e5
Rad8 21. Nf7 Bxf7 22. Rxf7+ Ke6 23. Rxa7 Kxe5 24. Re7+ Kd6 25. Rff7 h5 26. b3
b5 27. a4 Kc5 28. axb5 cxb5 29. Rc7+ Kb4 30. Rf4+ Ka5 31. Rc5 Rc8 32. Rxb5+ 1-0

[Event "Championnat de France Benjamine"]
[Site "CALVI"]
[Date "2005.04.22"]
[Round "7.4"]
[White "Fernandez, Laura"]
[Black "Fajolle, Iris"]
[Result "0-1"]
[WhiteElo "1990"]
[BlackElo "1680"]
[PlyCount "100"]
[EventDate "2005.??.??"]
[SourceDate "2005.04.17"]

1. e4 e6 2. d4 d5 3. Nc3 Nf6 4. Bg5 Be7 5. e5 Nfd7 6. h4 c5 7. Nb5 Qa5+ 8. c3
c4 9. a4 a6 10. b4 cxb3 11. Bxe7 Kxe7 12. Nd6 Qxc3+ 13. Ke2 Qc2+ 14. Qd2 Nc6
15. Nf3 Qxd2+ 16. Kxd2 f6 17. Nxc8+ Raxc8 18. exf6+ Nxf6 19. Bd3 Nb4 20. Ne5
Nxd3 21. Nxd3 Ne4+ 22. Ke3 Rc2 23. Ra3 Nd2 24. Ne5 Nc4+ 25. Nxc4 dxc4 26. a5
Rc8 27. Raa1 b2 28. Rab1 c3 29. Rbd1 Kd6 30. Rhf1 Kd5 31. Kd3 Rd2+ 32. Rxd2
cxd2 33. Kxd2 Rc1 34. Rxc1 bxc1=Q+ 35. Kxc1 Kxd4 36. Kd2 Kc5 37. Ke3 Kb5 38.
Ke4 Kxa5 39. Ke5 Kb4 40. Kxe6 a5 41. Kf7 a4 42. Kxg7 h5 43. f4 a3 44. f5 a2 45.
f6 a1=Q 46. Kf7 Qa2+ 47. Ke7 Qxg2 48. f7 Qf2 49. f8=Q Qxf8+ 50. Kxf8 Kc5 0-1

[Event "Championnat de France Benjamine"]
[Site "CALVI"]
[Date "2005.04.22"]
[Round "7.5"]
[White "Rambourg, Juliette"]
[Black "Lemaitre, Delphine"]
[Result "1-0"]
[WhiteElo "1870"]
[BlackElo "1670"]
[PlyCount "101"]
[EventDate "2005.??.??"]
[SourceDate "2005.04.17"]

1. e4 d5 2. exd5 Qxd5 3. Nc3 Qd6 4. Nf3 Nf6 5. d4 a6 6. g3 Bg4 7. Bg2 e6 8. O-O
Be7 9. h3 Bh5 10. g4 Bg6 11. Ne5 c6 12. Bf4 Qd8 13. Qd2 Nbd7 14. Nxg6 hxg6 15.
Rad1 Nb6 16. Ne2 Bd6 17. b3 Qe7 18. c4 Bxf4 19. Qxf4 O-O 20. Rfe1 Rfd8 21. Nc3
Qd7 22. Bf3 Rac8 23. h4 Qc7 24. Qe3 Rd7 25. h5 gxh5 26. gxh5 Rcd8 27. Kg2 Nc8
28. Rh1 Nd6 29. h6 Nf5 30. Qg5 Nxh6 31. Rxh6 Kf8 32. Rh8+ Ke7 33. Rxd8 Qxd8 34.
Qh4 Qa5 35. Rc1 Qb6 36. d5 cxd5 37. cxd5 Kf8 38. dxe6 Qxe6 39. Ne4 Rd4 40. Qh8+
Ng8 41. Ng3 Rd2 42. Bxb7 Qb6 43. Rc8+ Ke7 44. Qh4+ Nf6 45. Nf5+ Kd7 46. Qa4+
Qb5 47. Bc6+ Kxc8 48. Bxb5 axb5 49. Qxb5 Rxa2 50. Qc6+ Kb8 51. Nd6 1-0

[Event "Championnat de France Benjamine"]
[Site "CALVI"]
[Date "2005.04.22"]
[Round "7.6"]
[White "Forgues, Valerie"]
[Black "Cointot, Julie"]
[Result "1-0"]
[WhiteElo "1830"]
[BlackElo "1620"]
[PlyCount "99"]
[EventDate "2005.??.??"]
[SourceDate "2005.04.17"]

1. e4 e6 2. d4 d5 3. Nc3 dxe4 4. Nxe4 Bd7 5. Nf3 Bc6 6. Bd3 Nd7 7. O-O Ngf6 8.
Ned2 Bxf3 9. Qxf3 c6 10. Re1 Be7 11. Ne4 O-O 12. Qh3 Nxe4 13. Rxe4 Nf6 14. Rh4
g6 15. Bh6 Re8 16. c3 Nd7 17. Rg4 f5 18. Rg3 Bh4 19. Re3 Bg5 20. Bxg5 Qxg5 21.
Rae1 Re7 22. Bc4 Rae8 23. Qf3 Nb6 24. Bb3 Nd5 25. Re5 Qd2 26. R5e2 Qf4 27. Qxf4
Nxf4 28. Re3 Kf8 29. g3 Nd5 30. Re5 b6 31. a3 f4 32. Kg2 h6 33. R1e4 fxg3 34.
fxg3 Nf6 35. Re1 a6 36. Rxe6 Rxe6 37. Rxe6 Rxe6 38. Bxe6 Ke7 39. Bc8 a5 40. Bb7
Kd6 41. Kf3 Kc7 42. Ba6 b5 43. b3 Ne8 44. a4 Nd6 45. c4 bxc4 46. Bxc4 Nxc4 47.
bxc4 Kd6 48. Ke4 c5 49. d5 h5 50. Kf4 1-0

[Event "Championnat de France Benjamine"]
[Site "CALVI"]
[Date "2005.04.22"]
[Round "7.7"]
[White "Lefebvre, Stephane"]
[Black "Bomba, Melody"]
[Result "1-0"]
[WhiteElo "1199"]
[BlackElo "1780"]
[PlyCount "49"]
[EventDate "2005.??.??"]
[SourceDate "2005.04.17"]

1. e4 e5 2. d4 exd4 3. c3 dxc3 4. Bc4 Nc6 5. Nf3 Be7 6. O-O Nf6 7. e5 O-O 8.
exf6 Bxf6 9. Nxc3 d6 10. Nd5 Ne5 11. Nxf6+ Qxf6 12. Nxe5 Qxe5 13. Re1 Qf6 14.
Qb3 c6 15. Be3 b6 16. Re2 Bb7 17. Rae1 Rfe8 18. Bd2 Rxe2 19. Rxe2 Rf8 20. Qc2
c5 21. Re3 h6 22. Bc3 Qf4 23. Rg3 Re8 24. Rxg7+ Kf8 25. Rxf7+ 1-0

[Event "Championnat de France Benjamine"]
[Site "CALVI"]
[Date "2005.04.22"]
[Round "7.8"]
[White "Muller, Marion"]
[Black "Macarry, Elodie"]
[Result "1/2-1/2"]
[WhiteElo "1710"]
[BlackElo "1660"]
[PlyCount "106"]
[EventDate "2005.??.??"]
[SourceDate "2005.04.17"]

1. d4 d5 2. Nf3 Nf6 3. c4 e6 4. Bg5 Be7 5. Nbd2 O-O 6. e3 b6 7. Rc1 h6 8. Bh4
Bb7 9. Bd3 Nbd7 10. O-O c5 11. Re1 Rc8 12. e4 cxd4 13. cxd5 Rxc1 14. Qxc1 Nc5
15. Bb1 exd5 16. e5 Nfe4 17. Bxe7 Qxe7 18. b4 Nxd2 19. Qxd2 Ne4 20. Qxd4 Rc8
21. Bd3 Qc7 22. Bxe4 dxe4 23. Nd2 Rd8 24. Qb2 Re8 25. f4 exf3 26. Nxf3 Qe7 27.
a3 Bxf3 28. gxf3 Qg5+ 29. Kh1 Qf4 30. Qe2 Kh8 31. Qe4 Qd2 32. a4 Rc8 33. Re2
Qd1+ 34. Kg2 Qxa4 35. f4 Qc6 36. Kg3 Qxe4 37. Rxe4 Rc3+ 38. Kg4 g6 39. Rd4 Rc7
40. f5 gxf5+ 41. Kxf5 Kg7 42. Rg4+ Kf8 43. h4 Rc6 44. Rd4 Ke7 45. h5 Re6 46. b5
f6 47. Re4 Kf7 48. exf6 Rxf6+ 49. Kg4 Rd6 50. Ra4 Rd7 51. Rc4 Re7 52. Kf5 Rd7
53. Ke5 Re7+ 1/2-1/2

[Event "Championnat de France Benjamine"]
[Site "CALVI"]
[Date "2005.04.22"]
[Round "7.9"]
[White "Loiret, Momoko"]
[Black "Bismuth, Sarah"]
[Result "0-1"]
[WhiteElo "1690"]
[BlackElo "1640"]
[PlyCount "158"]
[EventDate "2005.??.??"]
[SourceDate "2005.04.17"]

1. e4 e5 2. Nf3 Nc6 3. Bc4 Nf6 4. d3 Bc5 5. Nbd2 d6 6. c3 Be6 7. Bxe6 fxe6 8.
O-O O-O 9. Re1 Ng4 10. Re2 Qf6 11. h3 Nh6 12. Nf1 Kh8 13. Ng3 Qg6 14. Be3 Bxe3
15. Rxe3 Qf7 16. Rc1 g5 17. Qd2 g4 18. hxg4 Nxg4 19. Re2 Rg8 20. Ng5 Qg6 21.
Nh3 Nxf2 22. Rxf2 Qxg3 23. Kh1 Qh4 24. Rcf1 Rae8 25. Rf7 Ne7 26. Qe3 Qh5 27.
Qxa7 Nf5 28. exf5 Qxf7 29. Qxb7 exf5 30. a4 Ra8 31. Ra1 Rab8 32. Qf3 Rxb2 33.
a5 Rbb8 34. a6 Ra8 35. Qc6 Ra7 36. Rb1 Rga8 37. Rb7 Rxa6 38. Qxc7 Qxc7 39. Rxc7
Ra1+ 40. Kh2 Rd1 41. Rf7 f4 42. Nf2 Kg8 43. Rxf4 exf4 44. Nxd1 Ra1 45. Nf2 Ra2
46. Kg1 d5 47. d4 Rc2 48. Nd3 Rxc3 49. Nxf4 Rc4 50. Nxd5 Rxd4 51. Ne3 Rd2 52.
Kh2 Kf7 53. Kg3 Kg6 54. Kf3 Rd3 55. Kf2 Kf6 56. g3 Rd4 57. Ke2 Ke5 58. Kf3 Rd3
59. Kf2 Ke4 60. Ng4 Rf3+ 61. Kg2 Rf8 62. Nf2+ Ke3 63. Ng4+ Ke2 64. Kh3 Rf5 65.
Kg2 h5 66. Nh6 Rf6 67. Ng8 Rg6 68. Ne7 Rg5 69. Kh3 Re5 70. Ng6 Rg5 71. Nf4+ Kf3
72. Kh4 Rxg3 73. Nxh5 Rg4+ 74. Kh3 Rg1 75. Kh2 $2 Rg5 76. Nf6 Rg6 77. Nd5 Rg2+
78. Kh3 Rg5 {#} 79. Nf6 Rf5 0-1

[Event "Championnat de France Benjamine"]
[Site "CALVI"]
[Date "2005.04.22"]
[Round "7.10"]
[White "Cechetto, Lea"]
[Black "Burel, Gwenaelle"]
[Result "1/2-1/2"]
[WhiteElo "1760"]
[BlackElo "1420"]
[PlyCount "108"]
[EventDate "2005.??.??"]
[SourceDate "2005.04.17"]

1. e4 e5 2. Nf3 Nc6 3. Bc4 Bc5 4. c3 Nf6 5. d3 a6 6. Bb3 d5 7. Nbd2 Bg4 8. h3
Bh5 9. O-O O-O 10. Re1 b5 11. Nf1 dxe4 12. dxe4 Qxd1 13. Bxd1 Bg6 14. Ng3 h6
15. Nh4 Bh7 16. Nhf5 a5 17. Bf3 b4 18. Nh5 Nxh5 19. Bxh5 Rad8 20. Bf3 Rd3 21.
Be3 Bxe3 22. Nxe3 bxc3 23. bxc3 Rxc3 24. Rec1 Rxc1+ 25. Rxc1 Nb4 26. Rxc7 Nxa2
27. Ra7 Nc3 28. Rxa5 f6 29. Nf5 Rb8 30. Ra7 Bxf5 31. exf5 Rb1+ 32. Kh2 Rb5 33.
Bh5 Kf8 34. Rf7+ Kg8 35. Rc7 g6 36. Rc8+ Kg7 37. Bxg6 Nd5 38. Kg3 Rb7 39. Rc4
Ne7 40. h4 Nxg6 41. Rg4 Rb3+ 42. Kh2 Kf7 43. Rxg6 h5 44. Rh6 Rb4 45. Rxh5 Rf4
46. f3 Kg7 47. Kg1 Rd4 48. g4 e4 49. fxe4 Rxe4 50. Kf2 Rxg4 51. Kf3 Ra4 52. Kg3
Rb4 53. Kh3 Ra4 54. Kg3 Rb4 1/2-1/2

[Event "Championnat de France Benjamin"]
[Site "CALVI"]
[Date "????.??.??"]
[Round "8.2"]
[White "Demuth, Adrien"]
[Black "Saatdjian, Thomas"]
[Result "1-0"]
[WhiteElo "2018"]
[BlackElo "2069"]
[PlyCount "99"]
[EventDate "2005.??.??"]
[SourceDate "2005.04.17"]

1. d4 Nf6 2. Nf3 c5 3. d5 g6 4. c4 b5 5. Qc2 bxc4 6. e4 d6 7. Bxc4 Bg7 8. O-O
O-O 9. Nc3 Na6 10. Bf4 Nc7 11. Rfe1 Rb8 12. Rab1 Rb4 13. b3 Bg4 14. Nd2 a5 15.
Bd3 e5 16. Be3 Nh5 17. Nc4 Ne8 18. f3 Bc8 19. Ne2 f5 20. Bd2 fxe4 21. fxe4 Nf4
22. Rf1 g5 23. Bxb4 axb4 24. Ng3 h5 25. Ne3 Qb6 26. Bc4 Nc7 27. Ngf5 Rf7 28.
Kh1 h4 29. Qd1 Bf6 30. Nh6+ Kg7 31. Nxf7 Kxf7 32. Nf5 Bxf5 33. exf5 Nb5 34.
Bxb5 Qxb5 35. Rc1 Qb7 36. Qf3 Ke7 37. Rcd1 Qa6 38. Rf2 h3 39. g3 Ng2 40. Rxg2
hxg2+ 41. Qxg2 Qa8 42. Qe4 Qa6 43. Qc2 g4 44. Kg2 Bg5 45. f6+ Kxf6 46. Rf1+ Kg7
47. Qf5 Qe2+ 48. Rf2 Qe3 49. Qxg4 Kh7 50. Qh5+ 1-0

[Event "Championnat de France Benjamin"]
[Site "CALVI"]
[Date "????.??.??"]
[Round "8.3"]
[White "Benassayag, Lucas"]
[Black "Magnin, Guillaume"]
[Result "0-1"]
[WhiteElo "2001"]
[BlackElo "1990"]
[PlyCount "80"]
[EventDate "2005.??.??"]
[SourceDate "2005.04.17"]

1. e4 Nf6 2. e5 Nd5 3. c4 Nb6 4. d4 d6 5. exd6 exd6 6. Nc3 Be7 7. h3 O-O 8. Nf3
Bf5 9. Be2 Bf6 10. Be3 Nc6 11. Rc1 d5 12. c5 Nc8 13. O-O h6 14. a3 N8e7 15. Nh2
Re8 16. Ng4 Bxg4 17. Bxg4 Ng6 18. Bf5 Nh4 19. Bb1 Qd7 $11 20. Qd3 g6 21. Ba2
Ne7 22. Bxh6 c6 23. Be3 Nef5 24. Bb1 Kg7 25. Rce1 {Diagramme #} 25... Nf3+ 26.
gxf3 Rh8 27. Bh6+ Rxh6 28. f4 Nxd4 29. Re3 Rah8 30. Kg2 Qg4+ 31. Rg3 Qxf4 32.
Rh1 Bh4 33. Ne2 Nxe2 34. Rf3 Qg5+ 35. Kf1 Re8 36. Bc2 Qc1+ 37. Bd1 Rh5 38. Rh2
Rg5 39. Rh1 Rge5 40. Rh2 Nf4 0-1

[Event "Championnat de France Benjamin"]
[Site "CALVI"]
[Date "????.??.??"]
[Round "8.4"]
[White "Tachikart, Yassin"]
[Black "Nockels, Nicolas"]
[Result "1-0"]
[WhiteElo "2041"]
[BlackElo "1970"]
[PlyCount "97"]
[EventDate "2005.??.??"]
[SourceDate "2005.04.17"]

1. d4 Nf6 2. c4 c5 3. d5 b5 4. cxb5 a6 5. e3 d6 6. Nc3 Nbd7 7. Nf3 g6 8. Be2
Bg7 9. O-O O-O 10. e4 axb5 11. Bxb5 Ba6 12. Bxa6 Rxa6 13. Re1 Nb6 14. Qc2 Nfd7
15. b3 c4 16. Be3 Ne5 17. Nxe5 Bxe5 18. Rac1 cxb3 19. axb3 Qa8 20. Qd3 Qb7 21.
Nb5 Na8 22. Nd4 Rb6 23. Rb1 Bxd4 24. Bxd4 Rb5 25. Re3 Rb8 26. Rh3 Qd7 27. Qg3
e5 28. Bb2 f5 29. Qc3 Nc7 30. Rc1 Rc5 31. Qd3 Rcb5 32. exf5 Nxd5 33. fxg6 Nf4
34. Qc4+ d5 35. gxh7+ Qxh7 36. Rg3+ Ng6 37. Qc6 R5b6 38. Qxd5+ Qf7 39. Qxf7+
Kxf7 40. Rf3+ Ke6 41. g3 Rxb3 42. Rc6+ Kd5 43. Rxb3 Rxb3 44. Rxg6 Rxb2 45. h4
Ke4 46. Kg2 Kf5 47. h5 e4 48. g4+ Kf4 49. h6 1-0

[Event "Championnat de France Benjamin"]
[Site "CALVI"]
[Date "????.??.??"]
[Round "8.7"]
[White "Martin, Tristan"]
[Black "Milandre, Olivier"]
[Result "0-1"]
[WhiteElo "1989"]
[BlackElo "1988"]
[PlyCount "114"]
[EventDate "2005.??.??"]
[SourceDate "2005.04.17"]

1. e4 e6 2. d4 d5 3. Nd2 dxe4 4. Nxe4 Nd7 5. g3 Ngf6 6. Nxf6+ Nxf6 7. Bg2 c5 8.
Ne2 Qb6 9. O-O Bd7 10. c4 cxd4 11. Nxd4 Rc8 12. Qd3 Bc5 13. Nb3 Be7 14. Be3 Qc7
15. Rac1 O-O 16. Nd4 Rfd8 17. Qe2 a6 18. Rfd1 e5 19. Nf3 Ng4 20. Bd2 Bc5 21.
Be1 Re8 22. h3 Nh6 23. Ng5 Nf5 24. Qh5 Nh6 25. Be4 f5 26. Bd5+ Kh8 27. Bd2 e4
28. Nf7+ Nxf7 29. Bxf7 Qxg3+ 30. Kh1 Bxf2 31. Bxe8 Rxe8 32. Bc3 Bc6 33. Rd6 Rf8
34. Bb4 e3+ 35. Rxc6 bxc6 36. Bxf8 g6 37. Bd6 Qxd6 38. Qf3 Qe6 39. b3 f4 40.
Kg2 Qf6 41. Rb1 h5 42. Kf1 Qf5 43. Rd1 Kg7 44. Qxc6 Qxh3+ 45. Ke2 Qg4+ 46. Qf3
Qf5 47. Kf1 h4 48. c5 Bg3 49. c6 Qb5+ 50. Kg2 e2 51. Qc3+ Kh6 52. Qh8+ Kg5 53.
Qd8+ Kg4 54. Qd7+ Qf5 55. Qxf5+ gxf5 56. Rc1 f3+ 57. Kh1 f2 0-1

[Event "Championnat de France Benjamin"]
[Site "CALVI"]
[Date "????.??.??"]
[Round "8.8"]
[White "Feller, Sebastien"]
[Black "Buscara, Sevan"]
[Result "1-0"]
[WhiteElo "2228"]
[BlackElo "1894"]
[PlyCount "87"]
[EventDate "2005.??.??"]
[SourceDate "2005.04.17"]

1. d4 f5 2. Bg5 d6 3. Nc3 h6 4. Bf4 Nf6 5. e3 e6 6. Nf3 b6 7. Bd3 Bb7 8. Qe2 g5
9. Bg3 Nbd7 10. O-O-O c6 11. h4 g4 12. Nd2 Qe7 13. Nc4 Qg7 14. Nxd6+ Bxd6 15.
Bxd6 O-O-O 16. e4 Qg6 17. e5 Nh5 18. Ba6 Nb8 19. Bxb7+ Kxb7 20. Qc4 Nd7 21. a4
Ndf6 22. Qxe6 Rhe8 23. Be7 Rd7 24. d5 Rdxe7 25. dxc6+ Kb8 26. Qd6+ Kc8 27. exf6
Qxf6 28. Qd7+ Rxd7 29. cxd7+ Kd8 30. dxe8=N+ Kxe8 31. Nb5 a6 $11 32. Nc7+ Kf8
33. Rd8+ Ke7 34. Nd5+ Kxd8 35. Nxf6 Nxf6 36. Kd2 Ne4+ 37. Ke3 Ke7 38. f3 Nf6
39. fxg4 fxg4 40. Kf4 Kf7 41. Rd1 Kg6 42. Rd6 Kf7 43. Rxf6+ Kxf6 44. Kxg4 1-0